| 000 | 00794nas a2200253 4500 | ||
|---|---|---|---|
| 001 | BR0702843 | ||
| 003 | BR-BrBNA | ||
| 005 | 20231205110831.0 | ||
| 007 | ta | ||
| 008 | 230509b bl.|||p| |||| 00| 00por d | ||
| 040 |
_aBR-BrBNA _bpor _cBiblioteca Nacional de Agricultura |
||
| 041 | _a(Pt) | ||
| 072 | _aE10 | ||
| 100 | 1 | _aDias, G. | |
| 245 | 1 | _aAs novas prioridades para a política agrícola | |
| 650 | _aPOLÍTICA AGRÍCOLA | ||
| 650 | _aFOMENTO AGRÍCOLA | ||
| 650 | _aSETOR AGRÍCOLA | ||
| 650 | _aCRESCIMENTO ECONÔMICO | ||
| 773 | 0 |
_tRevista de Política Agrícola (Brazil) _xISSN 1413-4969 _g(1993), v. 2(5) p. 16-17 _wBR0702843 |
|
| 856 | 4 |
_uRev_Pol_Agr_v2_n5-1993.pdf#page=18 _yRecurso eletrônico (PDF) |
|
| 909 |
_a202311 _bLúcia _c55 _dLúcia Elande |
||
| 942 |
_2AGRIS _n0 _cANA |
||
| 999 |
_c189337 _d189337 |
||